Central Library OPAC University of Rajshahi

Statistics in education / (Record no. 46359)

MARC details
000 -LEADER
fixed length control field 00728nam a2200265 a 4500
001 - CONTROL NUMBER
control field 46359
003 - CONTROL NUMBER IDENTIFIER
rucl marc code BD-RjUL
005 - DATE AND TIME OF LATEST TRANSACTION
control field 20211209054136.0
008 - FIXED-LENGTH DATA ELEMENTS--GENERAL INFORMATION
fixed length control field 160801s1955 nyua 001 0 eng d
035 ## - SYSTEM CONTROL NUMBER
System control number (BD-RjUL)46477
System control number 1006675
040 ## - CATALOGING SOURCE
Original cataloging agency 2509
Language of cataloging eng
Transcribing agency 2509
041 ## - LANGUAGE CODE
Language code of text/sound track or separate title eng
082 04 - DEWEY DECIMAL CLASSIFICATION NUMBER
Classification number 371.2
Author mark and year TAS 1955
100 1# - MAIN ENTRY--PERSONAL NAME
Personal name Tate, Merle W.
9 (RLIN) 141564
245 10 - TITLE STATEMENT
Title Statistics in education /
Statement of responsibility, etc. Merle W. Tate.
260 ## - PUBLICATION, DISTRIBUTION, ETC. (IMPRINT)
Place of publication, distribution, etc. New York :
Name of publisher, distributor, etc. Macmillan,
Date of publication, distribution, etc. 1955.
300 ## - PHYSICAL DESCRIPTION
Pagination x, 597 p. :
Illustrations ill. ;
Size 21 cm.
500 ## - GENERAL NOTE
General note Includes index.
504 ## - BIBLIOGRAPHY, ETC. NOTE
Bibliography, etc Includes bibliographical references.
505 0# - FORMATTED CONTENTS NOTE
Formatted contents note Includes statistical tables.
650 #0 - SUBJECT ADDED ENTRY--TOPICAL TERM
Topical term or geographic name as entry element Education
General subdivision Statistics.
9 (RLIN) 141565
942 ## - ADDED ENTRY ELEMENTS (KOHA)
Source of classification or shelving scheme Dewey Decimal Classification
Koha item type Books
Holdings
Lost status Source of classification or shelving scheme Damaged status Not for loan Collection code Permanent Location Current Location Shelving location Date acquired Source of acquisition Cost, normal purchase price Total Checkouts Full call number Date last seen Copy number Koha item type
  Dewey Decimal Classification     Non-fiction Central Library, University of Rajshahi Central Library, University of Rajshahi   27/03/1963 Zeitlinger 45.00   371.2 TAS 1955 01/08/2016 C-2 Books